Анализ влияния различных сил при моделировании вытеснения нефти; Проблемы геологии и освоения недр

Detalhes bibliográficos
Parent link:Проблемы геологии и освоения недр.— 2005.— [С. 437-439]
Autor principal: Омаров Э. М.
Outros Autores: Бабанов А. И. (научный руководитель), Стрельцов Ф. С.
Resumo:Заглавие с титульного листа
Электронная версия печатной публикации
Idioma:russo
Publicado em: 2005
Assuntos:
Acesso em linha:http://www.lib.tpu.ru/fulltext/v/Conferences/2005/K01/091.pdf
Formato: Recurso Eletrônico Capítulo de Livro
KOHA link:https://koha.lib.tpu.ru/cgi-bin/koha/opac-detail.pl?biblionumber=124546

MARC

LEADER 00000naa2a2200000 4500
001 124546
005 20251203110638.0
035 |a (RuTPU)RU\TPU\book\134791 
090 |a 124546 
100 |a 20071102d2005 k y0rusy50 ca 
101 0 |a rus 
102 |a RU 
135 |a drnn ---uucaa 
181 0 |a i  
182 0 |a b 
200 1 |a Анализ влияния различных сил при моделировании вытеснения нефти   |f Э. М. Омаров, А. И. Бабанов  |g науч. рук. Ф. С. Стрельцов 
203 |a Текст  |c электронный 
215 |a 1 файл ( 509 Кб) 
300 |a Заглавие с титульного листа 
300 |a Электронная версия печатной публикации 
320 |a Библиогр.: 2 назв. 
337 |a Adobe Reader 
463 0 |0 (RuTPU)RU\TPU\book\111467  |y 5-89503-079-3  |t Проблемы геологии и освоения недр  |o труды Девятого международного симпозиума им. М. А. Усова, 2005 г. Томск  |f Томский политехнический университет; Проблемы геологии и освоения недр; под ред. Г. М. Ивановой, А. В. Шадриной  |v [С. 437-439]  |d 2005 
610 1 |a моделирование 
610 1 |a нефть 
610 1 |a вытеснение нефти 
610 1 |a поперечно-рассечённые модели 
610 1 |a обучающие программы 
610 1 |a гидродинамические модели 
610 1 |a скважины 
610 1 |a электронный ресурс 
610 1 |a труды учёных ТПУ 
700 1 |a Омаров  |b Э. М. 
701 1 |a Бабанов  |b А. И. 
702 1 |a Стрельцов  |b Ф. С.  |4 727 
801 1 |a RU  |b 63413507  |c 20071102  |g PSBO 
801 2 |a RU  |b 63413507  |c 20130719  |g RCR 
856 4 |u http://www.lib.tpu.ru/fulltext/v/Conferences/2005/K01/091.pdf 
942 |c CF